书目信息 |
| 题名: |
短线交易秘诀
|
|
| 作者: | 威廉斯 著 ;穆瑞年 , 张玲 , 李剑燕 译 | |
| 分册: | ||
| 出版信息: | 北京 机械工业出版社 2007 |
|
| 页数: | 237页 | |
| 开本: | 24cm | |
| 丛书名: | ||
| 单 册: | ||
| 中图分类: | F830.91 | |
| 科图分类: | ||
| 主题词: | 股票 , 证券投资 , 股票--证券投资--基本知识 | |
| 电子资源: | ||
| ISBN: | 7-111-20318-6 | |
| 000 | 01198nam0 2200313 450 | |
| 001 | 003397274 | |
| 005 | 20070803111153.03 | |
| 010 | @a7-111-20318-6@dCNY38.00 | |
| 100 | @a20070327d2007 em y0chiy0110 ea | |
| 101 | 1 | @achi@ceng |
| 102 | @aCN@b110000 | |
| 105 | @ay z 000yy | |
| 200 | 1 | @a短线交易秘诀@9duan xian jiao yi mi jue@dLong-term secrets to short-term trading@f(美)拉里·威廉斯(Larry Williams)著@g穆瑞年,张玲,李剑燕等译@zeng |
| 210 | @a北京@c机械工业出版社@d2007 | |
| 215 | @a237页@d24cm | |
| 300 | @a华章经典 金融投资 | |
| 305 | @a由John Wiley & Sons公司授权出版 | |
| 330 | @a本书共16章按照内容分为两部分。第一部分中作者用平时的语言把交易系统设计的思路由浅入深地展现在读者面前;第二部分中作者以轻松的笔触为大家讲述了他在这个市场中的种种经历和感触。 | |
| 510 | 1 | @aLong-term secrets to short-term trading@zeng |
| 606 | 0 | @a股票 |
| 606 | 0 | @a证券投资 |
| 606 | 0 | @a股票@x证券投资@x基本知识 |
| 690 | @aF830.91@v4 | |
| 701 | 0 | @c(美)@a威廉斯@9wei lian si@c(Williams, Larry)@4著 |
| 702 | 0 | @a穆瑞年@9mu rui nian@4译 |
| 702 | 0 | @a张玲@9zhang ling@c(理财咨询)@4译 |
| 702 | 0 | @a李剑燕@9li jian yan@4译 |
| 801 | 0 | @aCN@bNLC@c20070803 |
| 905 | @a10447@dF830.91@e123 | |
| 短线交易秘诀=Long-term secrets to short-term trading/(美)拉里·威廉斯(Larry Williams)著/穆瑞年,张玲,李剑燕等译.-北京:机械工业出版社,2007 |
| 237页;24cm |
| 华章经典 金融投资 |
| ISBN 7-111-20318-6:CNY38.00 |
| 本书共16章按照内容分为两部分。第一部分中作者用平时的语言把交易系统设计的思路由浅入深地展现在读者面前;第二部分中作者以轻松的笔触为大家讲述了他在这个市场中的种种经历和感触。 |
| ● |
| 相关链接 |
|
|
|
|
正题名:短线交易秘诀
索取号:F830.91/123
 
预约/预借
| 序号 | 登录号 | 条形码 | 馆藏地/架位号 | 状态 | 备注 |
| 1 | 0801374 | 208013745 | 第一样本阅览室/ [索取号:F830.91/123] | 在馆 | |
| 2 | 0801375 | 208013754 | 第一借阅区/ [索取号:F830.91/123] | 在馆 | |
| 3 | 0801376 | 208013763 | 第一借阅区/ [索取号:F830.91/123] | 在馆 | |
| 4 | 0801377 | 208013772 | 第一借阅区/ [索取号:F830.91/123] | 在馆 | |
| 5 | 0801378 | 208013781 | 第一借阅区/ [索取号:F830.91/123] | 在馆 | |
| 6 | 0801379 | 208013790 | 第一借阅区/ [索取号:F830.91/123] | 在馆 | |
| 7 | 0801380 | 208013807 | 第一借阅区/ [索取号:F830.91/123] |
已借出,限还日期为2015.09.24 借出人:吴雨霏 |
|
| 8 | 0801381 | 208013816 | 第一借阅区/ [索取号:F830.91/123] | 在馆 | |
| 9 | 0801382 | 208013825 | 第一借阅区/ [索取号:F830.91/123] | 在馆 | |
| 10 | 0801383 | 208013834 | 第一借阅区/ [索取号:F830.91/123] | 在馆 |